000 00442pab a2200157 454500
008 180718b2013 xxu||||| |||| 00| 0 eng d
100 _aKumar, Saurabh
245 _aThe European monetary fund and the Chiang Mai initiative: New approaches to regional monetary cooperation
260 _c2013
300 _ap.12-33.
362 _aApr-Jun
650 _aEuropean Monetary Fund
773 _aWorld Affairs
908 _aN
909 _a101152
999 _c101151
_d101151